<?xml version="1.0" encoding="UTF-8"?>
<marc:record xmlns:marc="http://www.loc.gov/MARC21/slim">
   <marc:leader>00000nam a2200000 a 4500</marc:leader>
   <marc:datafield ind1=" " ind2=" " tag="653">
      <marc:subfield code="a">Zeichentrickfilm</marc:subfield>
   </marc:datafield>
   <marc:datafield ind1=" " ind2=" " tag="653">
      <marc:subfield code="a">Englisch lernen</marc:subfield>
   </marc:datafield>
   <marc:datafield ind1="0" ind2="0" tag="245">
      <marc:subfield code="a">Englisch entdecken mit Ben &amp; Bella - Im Zirkus</marc:subfield>
   </marc:datafield>
   <marc:datafield ind1=" " ind2="1" tag="264">
      <marc:subfield code="b">Kids for Kids GmbH</marc:subfield>
      <marc:subfield code="c">2006</marc:subfield>
   </marc:datafield>
   <marc:datafield ind1="1" ind2=" " tag="520">
      <marc:subfield code="a">241 Liebe Eltern, mit Ben &amp; Bella entdeckt Ihr Kind eine Sprachenwelt voller spannender Geschichten und lustiger Lieder zum Hören und Mitmachen. Spielerisch wie die Muttersprache, auch ganz ohne Vorkenntnisse und ohne Ihre Hilfe, lernt Ihr Kind erste englische Redewendungen, Wörter und Zahlen. Ob alleine oder mit Freunden, zu Hause, im Kindergarten oder in der Schule: Ihr Kind hat mit Ben &amp; Bella grenzenlos Spaß! Manege frei - für Ben &amp; Bella im Zirkus. "Im Zirkus" ist die neueste Geschichte aus der Edutainment-Reihe "Englisch entdecken mit Ben &amp; Bella". Mit jeder DVD können Kinder spielerisch 250 neue englische Wörter entdecken, die sie wie kleine Artisten schnell und einfach begreifen und verstehen.</marc:subfield>
   </marc:datafield>
</marc:record>
